States with the Rocky Mountains - Statistics

General Stats
  • This quiz has been taken 14 times
  • The average score is 6 of 6
Answers on the Map
Answers color-coded by a green-red scale on the quiz's map according to % correct below.
 
Answer Stats
Answer % Correct
Montana
100%
Wyoming
100%
Colorado
92%
Idaho
92%
New Mexico
92%
Utah
85%
No matching quizzes found
Score Distribution
Percent of People with Each Score
Percentile by Number Answered
Your Score History
You have not taken this quiz